Quelle ville en Andorre ? - Statistiques

Statistiques générales
  • Ce quiz a été pris 12 fois
  • Le résultat moyen est 9 sur 20
Statistiques - réponses
Quelle ville andorrane... Lettre Ville % Correct
...vit un certain Boris Skossyreff s'autoproclamer roi d'Andorre en 1934 ? A-l-V Andorre-la-Vieille
100%
...se trouve au confluent de la Valira del Nord et de la Valira d'Orient ? E-E Escaldes-Engordany
91%
...constitue l'unique point de passage entre la France et la principauté ? (L) P d l C Le Pas de la Case
91%
…est desservie par le Funicamp, le plus long funitel du monde ? E Encamp
82%
...abrite Arcalís, la station de ski alpin la plus récente du pays ? O Ordino
82%
...abrite le parc à thème Naturlàndia célèbre pour sa luge d'été ? S J d L Sant Julià de Lòria
82%
...abrite le deuxième musée du pays, retraçant l'histoire de la moto ? C Canillo
64%
...est reliée par télécabine à la station Vallnord ? (L) M La Massana
64%
...accueillit la finale de la Coupe du monde de ski alpin en 2019 et 2023 ? S Soldeu
45%
...fut dévastée par une violente avalanche le 8 février 1996 ? A Arinsal
27%
...signifierait "l'éboulis à flanc de montagne" ou "l'Enfer" ? (E) T El Tarter
27%
...fusionna son domaine skiable avec la précédente en 2000 ? P Pal
27%
...est un village, comme le signifie directement son toponyme ? V Vila
27%
...abrite la mine servant de point de départ à la route du fer pyrénéenne ? L Llorts
18%
...pourrait être considérée comme une banlieue de la capitale ? S C Santa Coloma
18%
...surplombe cette dernière, en contrebas du Coll de la Plana ? A Aixirivall
9%
...abritait le stade national jusqu'à son transfert vers la capitale en 2016 ? A Aixovall
9%
...est l'établissement humain le plus septentrional du pays ? (E) S El Serrat
9%
...abrite le camping marquant l'arrivée de la 32ème étape de la HRP ? I Incles
9%
...abrite deux sanctuaires dédiés à la sainte patronne du pays ? M Meritxell
9%
Aucun quiz correspondant
Distribution des résultats
% des personnes avec chaque résultat
Percentile par nombre de réponses
Votre historique - résultats
Vous n’avez pas pris ce quiz